000 00462nam a2200205Ia 4500
005 20250425162445.0
008 250425s9999 xx 000 0 und d
041 _aeng
082 _a639.3752
100 _aMARTYSHEV, F.G.
245 0 _aPOND FISHERIES
250 _aS.E.
260 _aEstados Unidos
_bAMERIND PUBLISHING
_c1983
260 _aWASHINGTON
300 _a454
650 _aCARPAS
650 _aPESQUERIA
942 _c01
010 _a75505
999 _c229623
_d229623